000 00306nam a22001337a 4500
008 180227b xxu||||| |||| 00| 0 eng d
020 _a9780471681700
041 _aeng
080 _29 ED
_a331.101.262
100 _a52
101 _aBNJ
245 _aORGANIZATIONAL BEHAVIOR
_cHUNT.O
942 _2udc
_cBK
999 _c43622
_d43622